Statistiques concernant Pays produisant le plus de laine

Cliquez ici pour prendre le quiz!

Statistiques générales

  • Ce quiz a été pris 66 fois
  • Le résultat moyen est 11 sur 20

Statistiques - réponses

1000 tonnespays% Correct
471Chine
98%
47Inde
94%
361Australie
82%
55Russie
81%
165Nouvelle-Zélande
71%
51Turquie
71%
68Royaume-Uni
69%
45Argentine
68%
44Pakistan
66%
62Iran
65%
27Algérie
63%
56Maroc
60%
31Indonésie
53%
40Afrique du Sud
42%
38Kazakhstan
42%
32Ouzbékistan
32%
38Turkménistan
29%
50 Soudan
19%
55Soudan du Sud
18%
36Uruguay
13%

Distribution des résultats

Percentile par nombre de réponses

% des personnes avec chaque résultat

Votre développement - résultats

Vous n’avez pas pris ce quiz